Essential Statistics for the Pharmaceutical Sciences (Record no. 1094)

MARC details
000 -LEADER
fixed length control field 01093cam a22003378a 4500
001 - CONTROL NUMBER
control field 14673808
003 - CONTROL NUMBER IDENTIFIER
control field OSt
005 - DATE AND TIME OF LATEST TRANSACTION
control field 20161031151045.0
008 - FIXED-LENGTH DATA ELEMENTS--GENERAL INFORMATION
fixed length control field 061214s2007 enk b 001 0 eng
010 ## - LIBRARY OF CONGRESS CONTROL NUMBER
LC control number 2006102028
020 ## - INTERNATIONAL STANDARD BOOK NUMBER
International Standard Book Number 9780470034705
020 ## - INTERNATIONAL STANDARD BOOK NUMBER
International Standard Book Number 9780470034682
035 ## - SYSTEM CONTROL NUMBER
System control number (DNLM)101295512
040 ## - CATALOGING SOURCE
Original cataloging agency DNLM/DLC
Transcribing agency DLC
Modifying agency DLC
042 ## - AUTHENTICATION CODE
Authentication code pcc
050 00 - LIBRARY OF CONGRESS CALL NUMBER
Classification number RS57
Item number .R69 2007
060 10 - NATIONAL LIBRARY OF MEDICINE CALL NUMBER
Classification number QV 20.5
Item number R879e 2007
082 00 - DEWEY DECIMAL CLASSIFICATION NUMBER
Classification number QV704 R77e 2007
Edition number 22
100 1# - MAIN ENTRY--PERSONAL NAME
Personal name Rowe, Philip.
9 (RLIN) 2963
245 10 - TITLE STATEMENT
Title Essential Statistics for the Pharmaceutical Sciences
260 ## - PUBLICATION, DISTRIBUTION, ETC. (IMPRINT)
Place of publication, distribution, etc. Chichester ;
Name of publisher, distributor, etc. John Wiley & Sons,
Date of publication, distribution, etc. c2007.
263 ## - PROJECTED PUBLICATION DATE
Projected publication date 0703
300 ## - PHYSICAL DESCRIPTION
Extent p. ;
Dimensions cm.
504 ## - BIBLIOGRAPHY, ETC. NOTE
Bibliography, etc Includes bibliographical references and index.
650 #0 - SUBJECT ADDED ENTRY--TOPICAL TERM
Topical term or geographic name as entry element pharmaceuticals science
9 (RLIN) 2964
650 #0 - SUBJECT ADDED ENTRY--TOPICAL TERM
Topical term or geographic name as entry element Medical statistics
9 (RLIN) 2965
856 41 - ELECTRONIC LOCATION AND ACCESS
Materials specified Table of contents only
Uniform Resource Identifier http://www.loc.gov/catdir/toc/ecip077/2006102028.html
856 42 - ELECTRONIC LOCATION AND ACCESS
Materials specified Publisher description
Uniform Resource Identifier http://www.loc.gov/catdir/enhancements/fy0739/2006102028-d.html
906 ## - LOCAL DATA ELEMENT F, LDF (RLIN)
a 7
b rix
c orignew
d 1
e ecip
f 20
g y-gencatlg
942 ## - ADDED ENTRY ELEMENTS (KOHA)
Source of classification or shelving scheme Other/Generic Classification Scheme
Koha item type Short Loan
Holdings
Withdrawn status Lost status Source of classification or shelving scheme Damaged status Not for loan Home library Current library Date acquired Source of acquisition Inventory number Total Checkouts Full call number Barcode Date last seen Koha item type
    Other/Generic Classification Scheme     MUST Main Library MUST Main Library 26/02/2015   09/31173   QV 704 R77e 2007 2015-0375 26/02/2015 Short Loan
    Other/Generic Classification Scheme     Pharmacy Department Library Pharmacy Department Library 24/03/2017   11/00171   QV704 R77e 2007 2017-0533 24/03/2017 Short Loan
    Other/Generic Classification Scheme     Pharmacy Department Library Pharmacy Department Library 24/03/2017   11/00172   QV704 R77e 2007 2017-0534 24/03/2017 Short Loan